[Event "GRE-ch U18"]
[Site "Athens"]
[Date "2006.01.09"]
[Round "9.6"]
[White "Tsialas, Panayotis"]
[Black "Mouhsiadis, Nikolaos"]
[Result "1/2-1/2"]
[WhiteElo "1995"]
[BlackElo "2044"]
[PlyCount "104"]
[EventDate "2006.01.03"]
[EventType "swiss"]
[EventRounds "9"]
[EventCountry "GRE"]
[SourceTitle "EXT 2024"]
[Source "ChessBase"]
[SourceDate "2023.10.10"]
[SourceVersion "1"]
[SourceVersionDate "2023.10.10"]
[SourceQuality "1"]

1. e4 e5 2. Nf3 Nc6 3. d4 exd4 4. Nxd4 Bc5 5. Be3 Qf6 6. Nb5 Bxe3 7. fxe3 Qh4+ 8. g3 Qd8 9. Qg4 g5 10. Qf3 a6 11. Nd4 Ne5 12. Qf2 d6 13. Bd3 Bg4 14. Nd2 Qd7 15. N2f3 Nxf3+ 16. Nxf3 Qe7 17. h3 Bd7 18. 0-0-0 0-0-0 19. Nd2 Re8 20. Rdf1 Nh6 21. Qf6 Qxf6 22. Rxf6 Re6 23. Rhf1 Rg8 24. Rxe6 Bxe6 25. g4 Rf8 26. Nf3 Rg8 27. e5 dxe5 28. Nxe5 Rg7 29. Nf3 Ng8 30. Nd4 Kd7 31. Kd2 Ke7 32. c4 Nf6 33. Nf5+ Bxf5 34. Bxf5 h5 35. e4 hxg4 36. hxg4 Rg8 37. e5 Rd8+ 38. Kc3 Ne8 39. Be4 b6 40. Bd5 f6 41. Rf5 b5 42. b3 c5 43. Bc6 b4+ 44. Kc2 Rd4 45. Bxe8 Kxe8 46. Rxf6 Rxg4 47. Rxa6 Re4 48. Re6+ Kf7 49. Rf6+ Kg7 50. Re6 Kf7 51. Rf6+ Kg7 52. Re6 Kf7 1/2-1/2